Pioneers of western Kansas.

Bibliographic Details
Main Author: Fesler, Myrtle D.
Format: Book
Language:English
Published: New York : Carlton Press, 1962.
Series:Reflection book.
Subjects:

MARC

Tag First Indicator Second Indicator Subfields
LEADER 00000cam a2200000 4500
001 in00000259321
005 20151010052841.0
008 790208s1962 nyua 00000 eng d
010 |a  63000164  
035 |a (OCoLC)04630578 
035 |9 ABC2187AM 
040 |a DLC  |c TXR  |d TXA  |d UtOrBLW 
049 |a TXAS  |c [1090610] 
050 0 |a F686  |b .F4 
082 0 |a 917.81 
100 1 |a Fesler, Myrtle D. 
245 1 0 |a Pioneers of western Kansas. 
264 1 |a New York :  |b Carlton Press,  |c 1962. 
300 |a 281 pages :  |b illustrations ;  |c 21 cm. 
336 |a text  |b txt  |2 rdacontent 
337 |a unmediated  |b n  |2 rdamedia 
338 |a volume  |b nc  |2 rdacarrier 
490 1 |a A Reflection book 
650 0 |a Frontier and pioneer life  |z Kansas. 
651 0 |a Kansas  |x History, Local. 
830 0 |a Reflection book. 
999 |a MARS 
999 f f |s 680de094-3309-37d7-93f9-7ef2d9501659  |i 0e4fc3b1-283f-304e-8b87-96043a75868d  |t 0 
952 f f |p noncirc  |a Texas A&M University  |b College Station  |c Cushing Memorial Library & Archives  |d Cushing: Dykes (Does not check out)  |t 0  |e F686 .F4  |h Library of Congress classification  |i unmediated -- volume  |m A14851724535 
998 f f |a F686 .F4  |t 0  |l Cushing: Dykes (Does not check out)